000 00438nam a2200181Ia 4500
005 20231017101808.0
008 131103s9999 xx 000 0 und d
040 _aLoreto College
041 _aEnglish
082 _aF
_bSID
100 _aSidhwa,Bapsi
245 3 _aAn American Brat
_cBapsi Sidhwa
260 _aNew Delhi
_bPenguin Books
_c1993
300 _a317 p.
650 _aFiction in English
850 _aLCLIB
942 _cBK
999 _c15154
_d65633